00385nam a2200145Ia 45000030006000000080041000060400015000471000016000622450048000782500006001262600070001323000006002025460014002080050017002220STCL150530s9999 xx 000 0 und d aSTCLcSTCL aDesai, A.R. aIndian Deseeyathayude Samoohya Paschathalam a1 bState Institute of Languages Kerala; Trivandrumc1973aTrivandrum a0 aMalayalam20220125171734.0